| 000 | 01393nam a2200133Ia 4500 | ||
|---|---|---|---|
| 008 | 220615s9999||||xx |||||||||||||| ||und|| | ||
| 020 | _a9783040000000 | ||
| 245 | 0 |
_aBridging the Gap _bThe Measure of Urban Resilience |
|
| 546 | _aEnglish[eng] | ||
| 650 | _aurban resilience||spatial planning||vulnerability||measuring||mapping||decision-making||multi-risk||flood||fire||indicators||regional resilience||adaptive capacity||sectoral industry composition||urban vs. inner areas||green infrastructure||resilience||sustainability||social-ecological indicators||indicator||monitoring||climate change||climate adaptation||n/a||dynamic models||decision making||scenario planning||energetic resilience||solar radiation||geographic information system||land use planning||urban regulation||urban energy resilience||buildings energy balance||urban hourly model||residential buildings||urban variables||place-based analysis||community resilience||systematic overview||resilience modelling||knowledge representation||resilience assessment||information visualisation||walkability||walkability measure||quantitative||qualitative and mixed models and methods||urban planning||public space||shift-share analysis||employment dynamics||sector composition||metro-regions | ||
| 700 | _aBrunetta, Grazia||Faggian, Alessandra||Caldarice, Ombretta | ||
| 856 | _uhttps://mdpi.com/books/pdfview/book/3850 | ||
| 942 | _cEB | ||
| 999 |
_c16361 _d16361 |
||